[Event "XX Corsicoscacchi Magistrale"]
[Site "Corsico ITA"]
[Date "2000.04.??"]
[Round "2"]
[White "Pace, Pietro Dario"]
[Black "Bernago, Federico"]
[Result "1-0"]
[WhiteElo "1942"]
[BlackElo "2103"]
[PlyCount "111"]
[EventDate "2000.04.28"]

1. e4 c5 2. Nf3 e6 3. d3 d5 4. Nbd2 Nf6 5. g3 Nc6 6. Bg2 Be7 7. O-O Qc7 8. Re1
b6 9. Nf1 d4 10. e5 Nd5 11. h4 Bb7 12. Bd2 O-O-O 13. a3 Kb8 14. c4 dxc3 15.
bxc3 Qd7 16. d4 Na5 17. Qc2 c4 18. Bg5 h6 19. Bxe7 Nxe7 20. N1d2 g5 21. Ne4
gxh4 22. Nxh4 Nf5 23. Nxf5 exf5 24. Nf6 Qc8 25. Bxb7 Nxb7 26. Re3 f4 27. gxf4
h5 28. f5 h4 29. Qe4 h3 30. Kh2 a6 31. Rb1 Ka7 32. Rg1 Rh6 33. Reg3 Qc7 34.
Rxh3 Rdh8 35. Rxh6 Rxh6+ 36. Kg2 Qd8 37. Kf1 Qh8 38. Ke2 Rh2 39. Qf4 Qh3 40.
Rg3 Qh8 41. Rg8 Qh3 42. Qf3 Qh6 43. Ng4 Qh7 44. Rc8 Rh3 45. Qe4 f6 46. e6 Qe7
47. Ne3 b5 48. Qg2 Rh4 49. Qg3 Re4 50. Qb8+ Kb6 51. Kf3 Rxe3+ 52. fxe3 Qh7 53.
Qf4 Qh1+ 54. Kf2 Qh7 55. Rf8 Qh1 56. e7 1-0

[Event "XX Corsicoscacchi Magistrale"]
[Site "Corsico ITA"]
[Date "2000.04.??"]
[Round "2"]
[White "Rovatti, Paolo"]
[Black "Sibille, Ettore"]
[Result "0-1"]
[WhiteElo "2041"]
[BlackElo "1900"]
[PlyCount "86"]
[EventDate "2000.04.28"]

1. d4 e6 2. Nf3 f5 3. Bg5 Nf6 4. Nbd2 d5 5. e3 Be7 6. Ne5 O-O 7. Bd3 Nbd7 8.
Ndf3 c6 9. h4 Qb6 10. b3 Bb4+ 11. Kf1 Ne4 12. Nxd7 Bxd7 13. c4 Nf6 14. c5 Qd8
15. h5 Ba5 16. h6 g6 17. Ne5 Bc7 18. b4 Qe8 19. Bxf6 Rxf6 20. Nf3 e5 21. dxe5
Bxe5 22. Rb1 b5 23. Rh4 Rf8 24. Qb3 Bf6 25. Rh1 a5 26. a4 bxa4 27. Qxa4 axb4
28. Qxb4 Rb8 29. Qa3 Rxb1+ 30. Bxb1 Qa8 31. Qd3 Bc8 32. Kg1 Qa5 33. Qc2 Qb4 34.
Kh2 Ba6 35. Ba2 Qe4 36. Qd1 Rb8 37. Nd4 Be5+ 38. g3 Rb2 39. Rf1 Bxf1 40. Bxd5+
Qxd5 41. Qxf1 Bxd4 42. exd4 Qxd4 43. Kg1 Qe4 0-1

[Event "XX Corsicoscacchi Magistrale"]
[Site "Corsico ITA"]
[Date "2000.04.??"]
[Round "2"]
[White "Ubezio, Marco"]
[Black "Moratto, Davide"]
[Result "1-0"]
[WhiteElo "2201"]
[BlackElo "2022"]
[PlyCount "49"]
[EventDate "2000.04.28"]

1. d4 Nf6 2. Bg5 e6 3. e4 h6 4. Bxf6 Qxf6 5. Nc3 Bb4 6. Qd2 d6 7. a3 Bxc3 8.
Qxc3 Nc6 9. Nf3 Bd7 10. Bd3 O-O 11. O-O Rfc8 12. e5 Qf4 13. g3 Qg4 14. Kg2 f5
15. exf6 e5 16. dxe5 dxe5 17. Qc4+ Qe6 18. fxg7 Kxg7 19. Rae1 Qh3+ 20. Kg1 Qh5
21. Nxe5 Nxe5 22. Qd4 Re8 23. f4 c5 24. Rxe5 Rxe5 25. Qxd7+ 1-0

[Event "XX Corsicoscacchi Magistrale"]
[Site "Corsico ITA"]
[Date "2000.04.??"]
[Round "3"]
[White "Astengo, Corrado"]
[Black "Ongarelli, Marco"]
[Result "1/2-1/2"]
[WhiteElo "2189"]
[BlackElo "2019"]
[PlyCount "32"]
[EventDate "2000.04.28"]

1. e4 d5 2. exd5 Qxd5 3. Nc3 Qa5 4. d4 Nf6 5. Bd3 Bf5 6. Qf3 Bc8 7. Bd2 c6 8.
Ne4 Qb6 9. Nxf6+ gxf6 10. Bc3 Na6 11. Bc4 h5 12. h3 Nc7 13. Ne2 Bg4 14. Qe4
Bxe2 15. Qxe2 Nd5 16. Qf3 O-O-O 1/2-1/2

[Event "XX Corsicoscacchi Magistrale"]
[Site "Corsico ITA"]
[Date "2000.04.??"]
[Round "3"]
[White "Barlocco, Carlo"]
[Black "Aglietti, Graziano"]
[Result "1-0"]
[WhiteElo "2170"]
[BlackElo "2051"]
[PlyCount "160"]
[EventDate "2000.04.28"]

1. d4 Nf6 2. c4 e6 3. Bg5 Be7 4. Nc3 d5 5. e3 Nbd7 6. cxd5 exd5 7. Nf3 O-O 8.
Bd3 Re8 9. O-O c6 10. Qc2 h6 11. Bxf6 Nxf6 12. Rab1 Bd6 13. b4 Bg4 14. Nd2 a6
15. Na4 Qe7 16. a3 Ne4 17. Rfe1 Qh4 18. Nf1 Ng5 19. Be2 Bxe2 20. Qxe2 Ne4 21.
f3 Ng5 22. Nc5 Re7 23. Qf2 Qh5 24. f4 Nh7 25. Qc2 Rae8 26. Ng3 Qg6 27. Qxg6
fxg6 28. Kf2 Nf6 29. h3 h5 30. Nf1 b6 31. Nd3 Ne4+ 32. Kf3 g5 33. g3 c5 34.
dxc5 bxc5 35. bxc5 Nxc5 36. Nxc5 Bxc5 37. Rb3 gxf4 38. gxf4 Re4 39. Ng3 Ra4 40.
Nxh5 Rxa3 41. Rxa3 Bxa3 42. Rd1 Bc5 43. Rxd5 Rxe3+ 44. Kg4 Bb4 45. Rg5 Bc3 46.
Rc5 Bb4 47. Rc6 a5 48. Ng3 Rc3 49. Ra6 Rc4 50. Nh5 Bc3 51. Kf3 a4 52. Ng3 Bb2
53. Ne4 a3 54. Nd6 Rc2 55. Kg4 Bc1 56. Ra8+ Kh7 57. Nf7 Kg6 58. Ne5+ Kh7 59. f5
Re2 60. Ng6 Rg2+ 61. Kf3 Rxg6 62. fxg6+ Kxg6 63. Ra5 Bb2 64. Kg4 Bc1 65. Ra6+
Kf7 66. Kf5 Bb2 67. Ra7+ Ke8 68. Ke6 Kd8 69. Kd6 Kc8 70. Kc6 Kb8 71. Ra4 Bc1
72. h4 Bb2 73. h5 Bc1 74. Rb4+ Ka7 75. Rc4 Bb2 76. Rg4 Bc1 77. Rxg7+ Ka6 78.
Rg8 Ka5 79. Kc5 Ka6 80. Ra8+ Kb7 1-0

[Event "XX Corsicoscacchi Magistrale"]
[Site "Corsico ITA"]
[Date "2000.04.??"]
[Round "3"]
[White "Bemporad, Filippo"]
[Black "Profumo, Alberto"]
[Result "0-1"]
[WhiteElo "2110"]
[BlackElo "2254"]
[PlyCount "131"]
[EventDate "2000.04.28"]

1. d4 Nf6 2. Nf3 g6 3. c4 Bg7 4. Nc3 O-O 5. e4 d6 6. Be2 e5 7. O-O Nc6 8. d5
Ne7 9. Ne1 Nd7 10. Nd3 f5 11. f3 f4 12. g4 Bf6 13. Bd2 h5 14. h3 hxg4 15. hxg4
Kg7 16. Kg2 Bh4 17. Rh1 g5 18. Be1 Ng6 19. Bxh4 Nxh4+ 20. Kf2 Nf6 21. Qb3 b6
22. Rag1 a5 23. a4 Bd7 24. Qc2 Qe7 25. Ne1 Rh8 26. Ng2 Rh7 27. Nxh4 Rxh4 28.
Rxh4 gxh4 29. Ke1 Rh8 30. Bd1 Nh7 31. Qf2 Ng5 32. Rh1 h3 33. Rh2 Kf8 34. b3 Ke8
35. Kf1 Kd8 36. Kg1 Kc8 37. Be2 Kb7 38. Kh1 Qh7 39. Kg1 Rf8 40. Kf1 Bxg4 41.
fxg4 f3 42. Bd3 Rf4 43. Ke1 Rxg4 44. Bf1 Qg6 45. Kd2 Rg2 46. Bxg2 fxg2 47. Rxg2
hxg2 48. Qxg2 Qf6 49. Kc2 Nf3 50. Kb2 Qf4 51. Nb5 Nd4 52. Nxd4 exd4 53. Qe2 Qg3
54. Qd2 Qe5 55. Qd3 Qh2+ 56. Kc1 Qg1+ 57. Kd2 Qg5+ 58. Kd1 Qg7 59. Kd2 c5 60.
dxc6+ Kxc6 61. Qf3 Kc5 62. Qf5+ Qe5 63. Qf3 Kb4 64. Ke1 Qh2 65. Qf5 d3 66. Qf3
0-1

[Event "XX Corsicoscacchi Magistrale"]
[Site "Corsico ITA"]
[Date "2000.04.??"]
[Round "3"]
[White "Bevilacqua, Maurizio"]
[Black "Mastrorilli, Nicola"]
[Result "1/2-1/2"]
[WhiteElo "2129"]
[BlackElo "1935"]
[PlyCount "114"]
[EventDate "2000.04.28"]

1. d4 Nf6 2. c4 e6 3. Nc3 Bb4 4. e3 O-O 5. Bd3 d5 6. cxd5 exd5 7. Nge2 Re8 8.
a3 Bf8 9. O-O b6 10. b4 c6 11. Ng3 g6 12. h3 Ba6 13. b5 Bb7 14. Bb2 Nbd7 15.
bxc6 Bxc6 16. Qb3 a6 17. a4 Qc7 18. Rfc1 Qb7 19. Ba3 Rab8 20. Bxf8 Kxf8 21.
Qb4+ Kg7 22. Nb5 Re6 23. Rc2 axb5 24. axb5 Rc8 25. bxc6 Rexc6 26. Rxc6 Qxc6 27.
Bb5 Qc3 28. Qxc3 Rxc3 29. Ra7 Rc1+ 30. Kh2 Nf8 31. Rb7 Rb1 32. Be2 h5 33. Bf3
h4 34. Ne2 Rb2 35. Nc3 Rxf2 36. Rxb6 Ne6 37. Kg1 Rc2 38. Nxd5 Rc1+ 39. Kf2 Rc2+
40. Kf1 Nh5 41. Nb4 Ng3+ 42. Ke1 Rb2 43. Nd5 Ra2 44. Nc3 Rc2 45. Rb3 Ng5 46.
Bd5 f5 47. Kd1 Rf2 48. Kc1 N5e4 49. Bxe4 fxe4 50. Rb2 Rf1+ 51. Kc2 Re1 52. Nd5
Nf1 53. Rb7+ Kh6 54. Nf4 g5 55. Rb6+ Kh7 56. Rb7+ Kh6 57. Rb6+ Kh7 1/2-1/2

[Event "XX Corsicoscacchi Magistrale"]
[Site "Corsico ITA"]
[Date "2000.04.??"]
[Round "3"]
[White "Bonazzi, Edoardo"]
[Black "Ubezio, Marco"]
[Result "0-1"]
[WhiteElo "2060"]
[BlackElo "2201"]
[PlyCount "53"]
[EventDate "2000.04.28"]

1. c4 e5 2. g3 Nf6 3. Bg2 Bc5 4. Nc3 O-O 5. e3 Re8 6. Nge2 Nc6 7. O-O a5 8. d4
exd4 9. exd4 Ba7 10. h3 d6 11. Be3 h6 12. g4 Ne7 13. g5 hxg5 14. Bxg5 Nh7 15.
Bh4 c6 16. Be4 g5 17. Bxh7+ Kxh7 18. Bxg5 Rg8 19. Ne4 Nf5 20. Kh2 Rxg5 21.
Nxg5+ Qxg5 22. Rg1 Qh4 23. Qd3 Bxd4 24. Rg4 Qxf2+ 25. Kh1 Be5 26. Rg2 Qe3 27.
Qc2 0-1

[Event "XX Corsicoscacchi Magistrale"]
[Site "Corsico ITA"]
[Date "2000.04.??"]
[Round "3"]
[White "Castaldo, Folco"]
[Black "Mieli, Marcello"]
[Result "1-0"]
[WhiteElo "2242"]
[BlackElo "1843"]
[PlyCount "49"]
[EventDate "2000.04.28"]

1. e4 c5 2. c3 d6 3. d4 Nf6 4. Bd3 cxd4 5. cxd4 g6 6. Nc3 Bg7 7. Nf3 O-O 8. h3
Nc6 9. Be3 e5 10. O-O Nh5 11. dxe5 dxe5 12. Re1 Be6 13. Ng5 Nf4 14. Nxe6 Nxe6
15. Rc1 Ned4 16. Bc4 Kh8 17. Qd2 Rc8 18. Nd5 b5 19. Bd3 f5 20. f4 a6 21. Kh1
fxe4 22. Bxe4 Qa5 23. Qxa5 Nxa5 24. b3 Nac6 25. Nb6 1-0

[Event "XX Corsicoscacchi Magistrale"]
[Site "Corsico ITA"]
[Date "2000.04.??"]
[Round "3"]
[White "Everet, Alexandro"]
[Black "Bertazzo, Giorgio"]
[Result "1-0"]
[WhiteElo "2357"]
[BlackElo "2072"]
[PlyCount "69"]
[EventDate "2000.04.28"]

1. d4 Nf6 2. c4 e6 3. Nc3 Bb4 4. Bd2 b6 5. f3 Nh5 6. Be3 Bb7 7. Bf2 f5 8. e3
Bxc3+ 9. bxc3 O-O 10. Qc2 d6 11. Nh3 c5 12. Bd3 Nc6 13. O-O g6 14. Rad1 Qf6 15.
Be2 Rad8 16. Qd2 e5 17. Qe1 Qe7 18. Bh4 Nf6 19. d5 Na5 20. Bg5 Bc8 21. Qh4 Kh8
22. Kh1 Rde8 23. g4 Qf7 24. Nf2 Ng8 25. gxf5 gxf5 26. Rg1 Ne7 27. Bh6 Rg8 28.
Nh3 Ng6 29. Qh5 Nb7 30. Ng5 Qe7 31. Rg2 f4 32. e4 Nd8 33. Rdg1 Qc7 34. Nxh7
Qxh7 35. Rxg6 1-0

[Event "XX Corsicoscacchi Magistrale"]
[Site "Corsico ITA"]
[Date "2000.04.??"]
[Round "3"]
[White "Lanzani, Giuliano"]
[Black "Lapiccirella, Mattia"]
[Result "0-1"]
[WhiteElo "1923"]
[BlackElo "2171"]
[PlyCount "58"]
[EventDate "2000.04.28"]

1. e4 c5 2. Nf3 Nc6 3. d4 cxd4 4. Nxd4 Nf6 5. Nc3 d6 6. Be3 e6 7. Bc4 Be7 8.
Qe2 a6 9. a4 Bd7 10. O-O Qc7 11. f4 Nxd4 12. Bxd4 e5 13. Be3 exf4 14. Rxf4 Rc8
15. Bb3 Be6 16. Nd5 Bxd5 17. exd5 O-O 18. c3 Nd7 19. Bc2 g6 20. Bd4 Ne5 21. Re1
f5 22. Bb3 Kg7 23. g4 fxg4 24. Rxf8 Rxf8 25. Bxe5+ dxe5 26. Qxe5+ Qxe5 27. Rxe5
Bc5+ 28. Kg2 Rf2+ 29. Kh1 Rf1+ 0-1

[Event "XX Corsicoscacchi Magistrale"]
[Site "Corsico ITA"]
[Date "2000.04.??"]
[Round "3"]
[White "Lapiccirella, Daniele"]
[Black "Trillaud, Frederic"]
[Result "0-1"]
[WhiteElo "2053"]
[BlackElo "2026"]
[PlyCount "43"]
[EventDate "2000.04.28"]

1. d4 d5 2. c4 Nf6 3. Nc3 g6 4. Nf3 Bg7 5. e3 O-O 6. Be2 b6 7. O-O Bb7 8. b3 c5
9. Bb2 Nbd7 10. Rc1 Re8 11. cxd5 Nxd5 12. Nxd5 Bxd5 13. Qc2 cxd4 14. Nxd4 Nc5
15. Rfd1 Be4 16. Qd2 e5 17. Nb5 Qg5 18. f3 Rad8 19. Qc3 Bd3 20. f4 Qf5 21. Bf3
Bxb5 22. Rxd8 0-1

[Event "XX Corsicoscacchi Magistrale"]
[Site "Corsico ITA"]
[Date "2000.04.??"]
[Round "3"]
[White "Moratto, Davide"]
[Black "Rovatti, Paolo"]
[Result "1-0"]
[WhiteElo "2022"]
[BlackElo "2041"]
[PlyCount "51"]
[EventDate "2000.04.28"]

1. e4 c5 2. Nf3 e6 3. d4 cxd4 4. Nxd4 a6 5. Nc3 Qc7 6. a3 Nf6 7. Be3 b5 8. Bd3
Bb7 9. O-O Be7 10. f4 d6 11. Qe2 Nbd7 12. h3 Nc5 13. Bf2 O-O 14. Rae1 e5 15.
fxe5 dxe5 16. Nf5 Ne6 17. Nd5 Nxd5 18. exd5 Bxd5 19. Qxe5 Bf6 20. Qxd5 Bxb2 21.
Qe4 Ng5 22. Ne7+ Kh8 23. Qf5 h6 24. h4 g6 25. Qg4 Nh7 26. Bd4+ 1-0

[Event "XX Corsicoscacchi Magistrale"]
[Site "Corsico ITA"]
[Date "2000.04.??"]
[Round "3"]
[White "Pace, Roberto"]
[Black "Giretti Kanev, Jasen"]
[Result "0-1"]
[WhiteElo "2033"]
[BlackElo "2155"]
[PlyCount "130"]
[EventDate "2000.04.28"]

1. e4 c6 2. d4 d5 3. Nc3 dxe4 4. Nxe4 Nf6 5. Nxf6+ gxf6 6. Be2 Rg8 7. Bf4 Qb6
8. Nf3 Rxg2 9. Bg3 Qb4+ 10. Qd2 Qxb2 11. Rc1 Bh3 12. Nh4 e6 13. Bf3 Ba3 14. Ke2
Qb5+ 15. c4 Bxc1 16. Rxc1 Qg5 17. Nxg2 Nd7 18. Qxg5 fxg5 19. Rb1 g4 20. Be4 Nf6
21. Ne3 Nxe4 22. Rxb7 Rd8 23. d5 cxd5 24. cxd5 a5 25. Bc7 Rd7 26. Rb8+ Ke7 27.
Bxa5 exd5 28. Bb4+ Kf6 29. Re8 g3 30. hxg3 Be6 31. Nf1 d4 32. a3 Bc4+ 33. Ke1
Ng5 34. Nd2 Bd5 35. Ke2 Bc6 36. Rb8 Bb7 37. Nb3 Ba6+ 38. Kd1 Bc4 39. Nd2 Bd5
40. f4 Ne6 41. Ke2 h5 42. Rh8 Ng7 43. Kf2 Kg6 44. Rg8 f6 45. Rb8 Kf5 46. a4 Kg4
47. a5 Nf5 48. Bc5 Nxg3 49. a6 h4 50. a7 h3 51. Kg1 Ne4 52. Nxe4 Bxe4 53. a8=Q
Bxa8 54. Rxa8 d3 55. Ra1 d2 56. Rd1 Kf3 57. Bb4 Ke2 58. Rxd2+ Rxd2 59. Bxd2
Kxd2 60. Kf2 f5 61. Kf3 h2 62. Kg2 Ke3 63. Kxh2 Kxf4 64. Kg1 Kf3 65. Kf1 f4 0-1

[Event "XX Corsicoscacchi Magistrale"]
[Site "Corsico ITA"]
[Date "2000.04.??"]
[Round "3"]
[White "Podini, Francesco"]
[Black "Facchetti, Gianni"]
[Result "0-1"]
[WhiteElo "2050"]
[BlackElo "2146"]
[PlyCount "130"]
[EventDate "2000.04.28"]

1. c4 Nf6 2. Nc3 d6 3. g3 e5 4. Bg2 Nbd7 5. d3 Be7 6. e4 Nf8 7. Nge2 Ng6 8. O-O
h5 9. f4 c6 10. f5 Nf8 11. h3 N6h7 12. Be3 Bg5 13. Qd2 h4 14. g4 Bxe3+ 15. Qxe3
f6 16. Kh2 Ng5 17. d4 Bd7 18. b4 a6 19. c5 dxc5 20. bxc5 exd4 21. Qxd4 Qc7+ 22.
Kh1 Nf7 23. Rad1 Ne5 24. Nf4 Kf7 25. Nd3 Re8 26. Nxe5+ Rxe5 27. Qc4+ Ke7 28.
Ne2 Be8 29. Nf4 Bf7 30. Qc2 Ke8 31. Nd3 Re7 32. g5 Nd7 33. g6 Bg8 34. Rd2 Kd8
35. Rfd1 Kc8 36. Nf2 Rh5 37. Ng4 Rg5 38. Rd6 Qa5 39. Qd3 Qc7 40. Qd2 Bc4 41.
Ne3 Bg8 42. e5 fxe5 43. Nd5 cxd5 44. Qxg5 Nxc5 45. Bxd5 Bxd5+ 46. R6xd5 Kb8 47.
Qxh4 e4 48. f6 gxf6 49. Qxf6 e3 50. Qd4 b6 51. Rd8+ Ka7 52. Qd5 Nb7 53. Rd7
Rxd7 54. Qxd7 Qg3 55. Qg4 e2 56. Qxe2 Qxh3+ 57. Kg1 Qg3+ 58. Qg2 Qe3+ 59. Kf1
Qf4+ 60. Ke2 Qc4+ 61. Kf3 Qc6+ 62. Ke3 Qxg2 63. Rd2 Qxg6 64. Ke2 a5 65. Ke3 Ka6
0-1

[Event "XX Corsicoscacchi Magistrale"]
[Site "Corsico ITA"]
[Date "2000.04.??"]
[Round "3"]
[White "Qendro, Llambi"]
[Black "Giordani, Marco"]
[Result "1-0"]
[WhiteElo "2350"]
[BlackElo "2080"]
[PlyCount "117"]
[EventDate "2000.04.28"]

1. d4 e6 2. c4 Nf6 3. Nc3 Bb4 4. Qc2 O-O 5. Bg5 b6 6. e4 Bxc3+ 7. bxc3 h6 8.
Bh4 g5 9. Bg3 Nh5 10. Be2 Nxg3 11. hxg3 Kg7 12. Nf3 d6 13. e5 Bb7 14. O-O-O Nd7
15. Rxh6 Rh8 16. Rxh8 Qxh8 17. Qd2 Qh6 18. exd6 cxd6 19. Nxg5 Bxg2 20. f3 Rh8
21. Ne4 d5 22. cxd5 exd5 23. Qxh6+ Rxh6 24. Nf2 Nf6 25. Nd3 Rh2 26. Nf4 Nh5 27.
Nxh5+ Rxh5 28. Kd2 Rh2 29. Ke3 Kf6 30. Rd2 Rh8 31. Bb5 Bh1 32. Kf4 Rh5 33. g4
Rh3 34. Rf2 Ke6 35. Bf1 Rh6 36. Kg3 f5 37. gxf5+ Kxf5 38. Bh3+ Rxh3+ 39. Kxh3
Kf4 40. Re2 Bxf3 41. Re7 a6 42. Rf7+ Ke3 43. Rf6 Be2 44. Rxb6 Bc4 45. Kg4 Kd3
46. Kf4 Kxc3 47. Ke5 a5 48. a4 Kc2 49. Kd6 Kc3 50. Kc5 Kc2 51. Rd6 Kb3 52. Rxd5
Bxd5 53. Kxd5 Kxa4 54. Kc4 Ka3 55. d5 a4 56. Kc3 Ka2 57. d6 a3 58. d7 Kb1 59.
d8=Q 1-0

[Event "XX Corsicoscacchi Magistrale"]
[Site "Corsico ITA"]
[Date "2000.04.??"]
[Round "3"]
[White "Rossi, Giampiero"]
[Black "Leoni, Fabrizio"]
[Result "1-0"]
[WhiteElo "2078"]
[BlackElo "1920"]
[PlyCount "104"]
[EventDate "2000.04.28"]

1. d4 d5 2. c4 c6 3. cxd5 cxd5 4. Nc3 Nf6 5. Nf3 e6 6. Bf4 Be7 7. e3 Qa5 8. Bd3
Ne4 9. O-O Nxc3 10. bxc3 O-O 11. Qb3 Nd7 12. c4 dxc4 13. Bxc4 Nb6 14. Bc7 Bd7
15. Rab1 Ba4 16. Qd3 Bd8 17. Bd6 Re8 18. Bb5 Bxb5 19. Qxb5 Qxb5 20. Rxb5 Nc4
21. Bg3 b6 22. Rc1 Na5 23. Bd6 a6 24. Rb2 b5 25. Nd2 Be7 26. Bxe7 Rxe7 27. Rbc2
h6 28. Rc8+ Re8 29. R8c7 Reb8 30. g3 Nb7 31. Rd7 Nd8 32. Rcc7 Rc8 33. Rxc8 Rxc8
34. Ra7 Rc2 35. Ne4 Rxa2 36. Ra8 Kh7 37. Rxd8 b4 38. Rb8 a5 39. Nc5 Kg6 40. Rb5
Ra3 41. Kg2 h5 42. h4 Kh6 43. Nb7 a4 44. Nd6 Rb3 45. Nxf7+ Kh7 46. Ng5+ Kg6 47.
Nxe6 a3 48. Nf4+ Kf7 49. Ra5 Rb2 50. Nd3 g6 51. Ra4 Rb1 52. Nxb4 Rb2 1-0

[Event "XX Corsicoscacchi Magistrale"]
[Site "Corsico ITA"]
[Date "2000.04.??"]
[Round "3"]
[White "Sibille, Ettore"]
[Black "Mariano, Elia"]
[Result "0-1"]
[WhiteElo "1900"]
[BlackElo "2152"]
[PlyCount "82"]
[EventDate "2000.04.28"]

1. e4 e6 2. d4 d5 3. Be3 dxe4 4. Nd2 Nf6 5. f3 exf3 6. Ngxf3 Be7 7. Bd3 O-O 8.
O-O b6 9. Ne5 Bb7 10. Qe1 Nc6 11. Nxc6 Bxc6 12. Qh4 Qd5 13. Rf2 Qh5 14. Qg3 Nd5
15. Be2 Qh4 16. Rf3 Qxg3 17. Rxg3 Nxe3 18. Rxe3 Bf6 19. c3 Bg5 20. Rd3 Rad8 21.
Nf3 Bf6 22. Rad1 Bb5 23. R3d2 Bxe2 24. Rxe2 Rd5 25. Red2 Rfd8 26. Kf2 Kf8 27.
a3 e5 28. dxe5 Rxd2+ 29. Rxd2 Rxd2+ 30. Nxd2 Bxe5 31. h3 Ke7 32. Ke2 Ke6 33.
Nf3 Kf5 34. Kd3 Kf4 35. Ke2 f6 36. Kf2 Bd6 37. g3+ Ke4 38. Ne1 h5 39. h4 Be5
40. Nc2 c5 41. Ne3 Bxg3+ 0-1

[Event "XX Corsicoscacchi Magistrale"]
[Site "Corsico ITA"]
[Date "2000.04.??"]
[Round "3"]
[White "Vismara, Daniele"]
[Black "Pace, Pietro Dario"]
[Result "0-1"]
[WhiteElo "2265"]
[BlackElo "1942"]
[PlyCount "62"]
[EventDate "2000.04.28"]

1. Nf3 Nf6 2. c4 e6 3. Nc3 d5 4. d4 c6 5. e3 Nbd7 6. Bd3 dxc4 7. Bxc4 b5 8. Bd3
a6 9. e4 c5 10. d5 Qc7 11. dxe6 fxe6 12. O-O Bd6 13. Qe2 O-O 14. Bg5 Bb7 15.
Rac1 Ng4 16. h3 Nge5 17. Nxe5 Nxe5 18. Bb1 Ng6 19. a4 b4 20. Nd1 Rae8 21. Ne3
h6 22. Qh5 Qf7 23. Nc4 Bb8 24. Be3 Nf4 25. Qg4 e5 26. h4 Bc8 27. Qd1 Qg6 28.
Bxf4 Rxf4 29. Ne3 Rxh4 30. Rxc5 Rf4 31. f3 Ba7 0-1

[Event "XX Corsicoscacchi Magistrale"]
[Site "Corsico ITA"]
[Date "2000.04.??"]
[Round "4"]
[White "Aglietti, Graziano"]
[Black "Astengo, Corrado"]
[Result "1/2-1/2"]
[WhiteElo "2051"]
[BlackElo "2189"]
[PlyCount "55"]
[EventDate "2000.04.28"]

1. e4 c5 2. c3 d5 3. exd5 Qxd5 4. d4 Nf6 5. Nf3 Bg4 6. Be2 e6 7. h3 Bh5 8. O-O
Nc6 9. Be3 cxd4 10. cxd4 a6 11. Nc3 Qd6 12. a3 Be7 13. Na4 O-O 14. Nc5 b6 15.
Nd3 Nd5 16. Nde5 Bxf3 17. Nxc6 Bxe2 18. Nxe7+ Qxe7 19. Qxe2 Rfc8 20. Rac1 Qb7
21. Qg4 Rxc1 22. Rxc1 Rc8 23. Rxc8+ Qxc8 24. Bh6 Qf8 25. Bf4 Qc8 26. Bh6 Qf8
27. Bf4 Qc8 28. Bh6 1/2-1/2

[Event "XX Corsicoscacchi Magistrale"]
[Site "Corsico ITA"]
[Date "2000.04.??"]
[Round "4"]
[White "Bernago, Federico"]
[Black "Lanzani, Giuliano"]
[Result "1/2-1/2"]
[WhiteElo "2103"]
[BlackElo "1923"]
[PlyCount "97"]
[EventDate "2000.04.28"]

1. d4 Nf6 2. Nc3 e6 3. Bg5 Be7 4. Nf3 b6 5. e3 Bb7 6. Bd3 d6 7. Qe2 Nfd7 8. h4
h6 9. Bf4 Bf6 10. e4 e5 11. dxe5 Nxe5 12. Nxe5 Bxe5 13. Bxe5 dxe5 14. O-O-O c6
15. Ba6 Qc7 16. Bxb7 Qxb7 17. Qg4 g6 18. Rd2 Nd7 19. Rhd1 Nc5 20. h5 g5 21. Qf5
Qe7 22. Rd6 g4 23. Rxc6 Qg5+ 24. Kb1 Qxf5 25. exf5 Rd8 26. Rc7 Rxd1+ 27. Nxd1
O-O 28. Rxa7 Ne4 29. g3 Rd8 30. Kc1 Nf6 31. b4 Nxh5 32. Rb7 Rd6 33. Ne3 Nf6 34.
a4 h5 35. Nc4 Rd4 36. Nxb6 Rxb4 37. a5 Nd5 38. Rb8+ Kg7 39. Nd7 Ra4 40. Rb5 Ne7
41. Rxe5 Nc6 42. f6+ Kh6 43. Rc5 Nxa5 44. Rc8 Nc4 45. Kd1 Nb2+ 46. Ke2 Re4+ 47.
Kf1 Nc4 48. Rh8+ Kg6 49. Rg8+ 1/2-1/2

[Event "XX Corsicoscacchi Magistrale"]
[Site "Corsico ITA"]
[Date "2000.04.??"]
[Round "4"]
[White "Bertazzo, Giorgio"]
[Black "Sibille, Ettore"]
[Result "1/2-1/2"]
[WhiteElo "2072"]
[BlackElo "1900"]
[PlyCount "61"]
[EventDate "2000.04.28"]

1. e4 c6 2. d4 g6 3. Nc3 d5 4. h3 dxe4 5. Nxe4 Bg7 6. Nf3 Nd7 7. c4 Ngf6 8. Nc3
O-O 9. Be2 Qc7 10. O-O b6 11. Be3 Bb7 12. Qd2 Rad8 13. Bf4 Qc8 14. Qc2 Rfe8 15.
Rfd1 Nf8 16. Rac1 Nh5 17. Be3 Qb8 18. Qb3 Nf4 19. Bf1 h6 20. Rd2 g5 21. g3 Nh5
22. Rcd1 Ng6 23. Rd3 Bc8 24. Bg2 e5 25. dxe5 Rxd3 26. Rxd3 g4 27. hxg4 Bxg4 28.
Rd2 Qc7 29. c5 bxc5 30. Nh2 Bc8 31. Bxc5 1/2-1/2

[Event "XX Corsicoscacchi Magistrale"]
[Site "Corsico ITA"]
[Date "2000.04.??"]
[Round "4"]
[White "Facchetti, Gianni"]
[Black "Qendro, Llambi"]
[Result "0-1"]
[WhiteElo "2146"]
[BlackElo "2350"]
[PlyCount "66"]
[EventDate "2000.04.28"]

1. e4 g6 2. d3 Bg7 3. Nf3 e5 4. Be2 Ne7 5. h4 d5 6. Nbd2 Bg4 7. Ng5 Bxe2 8.
Qxe2 h6 9. Ngf3 Nbc6 10. c3 Qd7 11. Rh3 O-O-O 12. a4 f5 13. a5 Rhf8 14. b4 Nb8
15. Ba3 dxe4 16. dxe4 fxe4 17. Nxe4 Nd5 18. Rd1 Qa4 19. Bc1 Nf4 20. Bxf4 exf4
21. Rxd8+ Rxd8 22. Nfd2 Nc6 23. Qg4+ Kb8 24. Qxg6 Qa1+ 25. Ke2 Bxc3 26. Rxc3
Nd4+ 27. Kd3 Nf3+ 28. Kc2 Qa2+ 29. Kc1 Nxd2 30. Nd6 Nb3+ 31. Rxb3 Qxb3 32. Qf6
Qa3+ 33. Kc2 Qa4+ 0-1

[Event "XX Corsicoscacchi Magistrale"]
[Site "Corsico ITA"]
[Date "2000.04.??"]
[Round "4"]
[White "Giordani, Marco"]
[Black "Castaldo, Folco"]
[Result "1/2-1/2"]
[WhiteElo "2080"]
[BlackElo "2242"]
[PlyCount "55"]
[EventDate "2000.04.28"]

1. d4 e6 2. c4 Nf6 3. Nc3 Bb4 4. Qc2 O-O 5. a3 Bxc3+ 6. Qxc3 b6 7. Bg5 Ba6 8.
e3 d6 9. f3 Nbd7 10. Nh3 Rc8 11. O-O-O h6 12. Bh4 c5 13. dxc5 d5 14. b4 bxc5
15. b5 Bb7 16. g4 d4 17. exd4 cxd4 18. Rxd4 Qb6 19. g5 hxg5 20. Bxg5 Nd5 21.
Qb2 Nc5 22. Rg4 Na4 23. Qxg7+ Kxg7 24. Be7+ Kh6 25. Rh4+ Kg6 26. Rg4+ Kh5 27.
Rh4+ Kg6 28. Rg4+ 1/2-1/2

[Event "XX Corsicoscacchi Magistrale"]
[Site "Corsico ITA"]
[Date "2000.04.??"]
[Round "4"]
[White "Giretti Kanev, Jasen"]
[Black "Rossi, Giampiero"]
[Result "1-0"]
[WhiteElo "2155"]
[BlackElo "2078"]
[PlyCount "113"]
[EventDate "2000.04.28"]

1. e4 c5 2. Nf3 e6 3. d3 Nc6 4. g3 d6 5. Bg2 Nf6 6. O-O Be7 7. Nbd2 O-O 8. Re1
Qc7 9. Nf1 b6 10. e5 dxe5 11. Nxe5 Bb7 12. Ng4 Nxg4 13. Qxg4 Nd4 14. Bf4 Qd7
15. Be5 Nf5 16. Ne3 g6 17. Bxb7 Qxb7 18. Nxf5 exf5 19. Qf4 Rfe8 20. h4 Bf8 21.
g4 Qd7 22. gxf5 Qxf5 23. Qxf5 gxf5 24. Re3 Re6 25. h5 Bg7 26. Rae1 Rae8 27. f4
f6 28. Bd4 Kf7 29. Rxe6 Rxe6 30. Be3 Bf8 31. Kf2 Bd6 32. Rg1 Re8 33. b3 Rg8 34.
Rxg8 Kxg8 35. Kg3 Kf7 36. d4 cxd4 37. Bxd4 Ke6 38. Kf3 Bc7 39. a4 a6 40. c4 Bd8
41. b4 Kd6 42. Ke3 Kc6 43. b5+ axb5 44. axb5+ Kd6 45. Kd3 Kc7 46. Bb2 Kd7 47.
Kd4 Bc7 48. Bc1 Kd6 49. Be3 Bd8 50. Kc3 Kd7 51. c5 bxc5 52. Kc4 Bc7 53. Kxc5
Ke6 54. Kc6 Bb8 55. b6 Bd6 56. b7 Bb8 57. Bb6 1-0

[Event "XX Corsicoscacchi Magistrale"]
[Site "Corsico ITA"]
[Date "2000.04.??"]
[Round "4"]
[White "Lapiccirella, Mattia"]
[Black "Podini, Francesco"]
[Result "1/2-1/2"]
[WhiteElo "2171"]
[BlackElo "2050"]
[PlyCount "55"]
[EventDate "2000.04.28"]

1. d4 Nf6 2. c4 c5 3. d5 b5 4. cxb5 a6 5. b6 e6 6. Nc3 exd5 7. Nxd5 Nxd5 8.
Qxd5 Nc6 9. Nf3 Rb8 10. Ne5 Qf6 11. Nxc6 dxc6 12. Qe4+ Be7 13. Qf4 Qxf4 14.
Bxf4 Rxb6 15. Be5 O-O 16. e3 Be6 17. b3 a5 18. Bc4 Bxc4 19. bxc4 Rb4 20. Rc1 f6
21. Ba1 Rd8 22. Ke2 Kf7 23. Rhd1 Rxd1 24. Kxd1 f5 25. Kd2 Bf6 26. Bxf6 Kxf6 27.
Kc3 Ke5 28. Rd1 1/2-1/2